Vývoj stavu porastov v poloprevádzkových pokusoch s odrodami ozimnej repky olejky

Bibliographic Details
Main Author: Jambor, Marek (Author)
Format: Article
Language:Slovak
PhysicalDescription:Fotogr., tab.
ISSN:1335-2466
Subjects:

MARC

LEADER 00000nab a2200000 a 4500
001 vtls009085273
003 SK-MaSNL
005 20260304153437.0
008 250506c2007 xo |||||||||||000 b|slo
015 |a SNBRB2007/08  |2 snkbucl 
035 |a (uuid)909ba094-42eb-4a80-bf63-bb2361be0593 
035 |a urn:nbn:sk:snk-ab10q6 
035 |a (urnnbn)urn:nbn:sk:snk:ar-a04kw8 
038 |a SNKBUCL 
040 |a SNKBUCL  |b slo  |c SNKBUCL  |e AACR2 
041 0 |a slo 
044 |a xo  |c SK 
080 |a 633.85"324"  |2 1997 
080 |a 631.526.3  |2 1997 
100 1 |a Jambor, Marek  |4 aut  |9 22897 
245 1 0 |a Vývoj stavu porastov v poloprevádzkových pokusoch s odrodami ozimnej repky olejky  |c Marek Jambor 
300 |b Fotogr., tab. 
650 0 7 |a ozimná repka olejka  |2 snkbucl  |9 872932 
650 0 7 |a odrody poľnohospodárskych plodín  |2 snkbucl  |9 29318 
650 0 7 |a poľné pokusy  |2 snkbucl  |9 334094 
650 0 7 |a porasty  |2 snkbucl  |9 590197 
773 0 |t Naše pole  |g Roč. XI, č. 7 (2007), s. 44-46  |x 1335-2466 
850 |a Slovenská národná knižnica 
852 |a Slovenská národná knižnica 
954 |a odborná, vedecká literatúra pôvodná (slovenská)  |2 lita 
958 |a article27 
958 |a OND 
958 |a EUIPO 
999 |c 2953713  |d 2955643